| 000 | 00882nam a2200277 i 4500 | ||
|---|---|---|---|
| 001 | 000016574 | ||
| 003 | DO-SdBNP | ||
| 005 | 20250423143431.0 | ||
| 007 | ta | ||
| 008 | 100308s2000 dr a 000 0 spa d | ||
| 040 |
_aDO-SdBNP _bspa _cBNPHU _erda |
||
| 082 | 4 |
_a614.5993 _bM375s _222 |
|
| 100 | 1 |
_aMarte, Luis, _4aut. _eautor _936855 |
|
| 245 | 1 | 3 |
_aEl sida se cura : _btratamiento comprobado / _cLuis Marte. |
| 264 | 1 |
_aSanto Domingo : _bINCREDOM, _c2000. |
|
| 300 |
_a190 páginas : _bil. ; _c21 cm. |
||
| 336 |
_atexto _btxt _2rdacontent |
||
| 337 |
_asin mediación _bn _2rdamedia |
||
| 338 |
_avolumen _bnc _2rdacarrier |
||
| 504 | _aBibliografía : páginas 187-190 | ||
| 590 | _aInventariado, 2018/LP | ||
| 650 | 0 |
_aSIDA (Enfermedad) _xPrevención y control _952709 |
|
| 650 | 4 |
_aInfecciones por VIH _96990 |
|
| 910 | _aValidado. Control de calidad MFF | ||
| 942 |
_2ddc _cLBS1 |
||
| 999 |
_c16107 _d16107 |
||